[Event "CZE-chT2C 2223"]
[Site "Czech Republic"]
[Date "2023.01.22"]
[Round "7.2"]
[White "Karasek, Lukas"]
[Black "Belaska, Premysl"]
[Result "1/2-1/2"]
[WhiteElo "2234"]
[BlackElo "2217"]
[PlyCount "86"]
[EventDate "2022.10.16"]
[EventType "team-tourn"]
[EventRounds "11"]
[EventCountry "CZE"]
[SourceTitle "EXT 2024"]
[Source "ChessBase"]
[SourceDate "2023.10.10"]
[SourceVersion "1"]
[SourceVersionDate "2023.10.10"]
[SourceQuality "1"]
[WhiteTeam "Kutna Hora"]
[BlackTeam "Liberec"]
[WhiteTeamCountry "CZE"]
[BlackTeamCountry "CZE"]

1. c4 e5 2. Nc3 Bb4 3. g3 Bxc3 4. bxc3 d6 5. Bg2 Nf6 6. d3 0-0 7. e4 c6 8. Ne2 Na6 9. 0-0 Be6 10. Rb1 Qc7 11. f4 exf4 12. gxf4 Bg4 13. Be3 Rfe8 14. Qd2 Bxe2 15. Qxe2 Nc5 16. Rf3 Ng4 17. Bd4 Ne6 18. Bh3 f5 19. Bxg4 fxg4 20. Rf2 Nxd4 21. cxd4 h5 22. f5 d5 23. cxd5 cxd5 24. e5 Rac8 25. Rbf1 Qb6 26. Qe3 Rc6 27. Kh1 Qd8 28. Qf4 Rf8 29. f6 Rc7 30. Qg5 Qe8 31. Rf5 Qb5 32. Qe3 Qe8 33. e6 Rxf6 34. Rxf6 gxf6 35. Rxf6 Rg7 36. Qf4 h4 37. Qf5 Qc8 38. Qf4 g3 39. hxg3 Rxg3 40. Rh6 Rh3+ 41. Kg1 Rg3+ 42. Kh1 Rh3+ 43. Kg1 Rg3+ 1/2-1/2

[Event "Teplice op 15th"]
[Site "Teplice"]
[Date "2022.06.19"]
[Round "2"]
[White "Postny, Evgeny"]
[Black "Karasek, Lukas"]
[Result "1-0"]
[WhiteElo "2562"]
[BlackElo "2274"]
[PlyCount "205"]
[EventDate "2022.06.18"]
[EventType "swiss"]
[EventRounds "9"]
[EventCountry "CZE"]
[SourceTitle "CBM 209 Extra"]
[Source "ChessBase"]
[SourceDate "2022.09.30"]
[SourceVersion "1"]
[SourceVersionDate "2022.09.30"]
[SourceQuality "1"]

1. d4 d5 2. c4 dxc4 3. Nf3 Nf6 4. Qa4+ c6 5. Qxc4 e6 6. g3 b5 7. Qc2 Bb7 8. Bg2 Nbd7 9. Ne5 Nxe5 10. dxe5 Nd5 11. 0-0 Be7 12. Nc3 0-0 13. Rd1 Qb8 14. Bf4 g5 15. Bd2 Qxe5 16. a3 Rac8 17. Kh1 Rfd8 18. e4 Nxc3 19. Bxc3 Qc7 20. Qe2 Rxd1+ 21. Rxd1 Rd8 22. Rc1 a5 23. Qe1 Ra8 24. b4 axb4 25. axb4 Rd8 26. Qe2 c5 27. bxc5 Qxc5 28. Bb2 Qb4 29. Rc2 Qd6 30. h4 Qd1+ 31. Qxd1 Rxd1+ 32. Kh2 Rd7 33. hxg5 Bxg5 34. Rc5 Be7 35. Rxb5 Bc6 36. Rb8+ Rd8 37. Rb6 Rc8 38. Bd4 Bf8 39. f3 Bg7 40. Be3 Ba8 41. Kh3 Bc6 42. Ra6 Bf6 43. Bh6 Bg7 44. Bf4 Bb5 45. Ra5 Bd7 46. Bd6 e5+ 47. Kh2 f6 48. Ra7 Be6 49. Bc7 h5 50. Bh3 Bxh3 51. Kxh3 Kh7 52. f4 exf4 53. gxf4 Re8 54. Ra4 Rc8 55. Ra7 Re8 56. Bd6 Rxe4 57. Bf8 Rxf4 58. Rxg7+ Kh8 59. Ra7 Kg8 60. Bg7 Kh7 61. Bxf6+ Kg6 62. Bh4 Rf5 63. Ra6+ Kf7 64. Bg3 Kg7 65. Kh4 Kf7 66. Bc7 Ke7 67. Ba5 Kd7 68. Bd2 Rd5 69. Bg5 Rd6 70. Ra5 Kc6 71. Ra4 Rd1 72. Kxh5 Kd5 73. Kg6 Rf1 74. Bf4 Rg1+ 75. Kf5 Rg8 76. Be5 Rg1 77. Rd4+ Kc6 78. Ke6 Rg6+ 79. Bf6 Kc5 80. Rd3 Rg4 81. Kf5 Rg2 82. Be5 Rg8 83. Ke4 Rg4+ 84. Bf4 Rg8 85. Rc3+ Kb4 86. Rc7 Rd8 87. Be5 Kb5 88. Bd4 Re8+ 89. Kd3 Rd8 90. Rc5+ Kb4 91. Rc6 Kb5 92. Rb6+ Ka5 93. Rb1 Rc8 94. Ke4 Rg8 95. Kd5 Rd8+ 96. Kc4 Ka6 97. Rb6+ Ka5 98. Rb7 Ra8 99. Bc5 Ka6 100. Rh7 Ka5 101. Rg7 Ka6 102. Kb4 Rb8+ 103. Ka4 1-0

[Event "CZE-ch Betsys Online Blitz"]
[Site "Chess.com INT"]
[Date "2021.04.17"]
[Round "3"]
[White "Karasek, Lukas"]
[Black "Neuman, Petr"]
[Result "1-0"]
[WhiteElo "2280"]
[BlackElo "2394"]
[PlyCount "69"]
[EventDate "2021.04.17"]
[EventType "swiss (blitz)"]
[EventRounds "13"]
[EventCountry "CZE"]
[SourceTitle "CBM 201 Extra"]
[Source "ChessBase"]
[SourceDate "2021.05.31"]
[SourceVersion "1"]
[SourceVersionDate "2021.05.31"]
[SourceQuality "1"]

1. Nf3 d5 2. g3 g6 3. Bg2 Bg7 4. d4 Nf6 5. 0-0 0-0 6. c4 c6 7. b3 dxc4 8. bxc4 c5 9. Bb2 Qb6 10. Qc1 Ne4 11. e3 Nc6 12. Nc3 Nxc3 13. Bxc3 cxd4 14. exd4 Nxd4 15. Bxd4 Bxd4 16. Rb1 Qf6 17. Nxd4 Qxd4 18. Bxb7 Rb8 19. Bxc8 Rbxc8 20. Rd1 Qc5 21. Rb7 Rfd8 22. Rxd8+ Rxd8 23. Rb5 Qc6 24. Rb3 h5 25. h4 Rd4 26. c5 Qd5 27. Rb1 Rc4 28. Qh6 Qd8 29. Qe3 e6 30. Rc1 Rxc1+ 31. Qxc1 Qc7 32. Qc4 Qc6 33. a4 Kf8 34. Qb5 Qf3 35. c6 1-0

[Event "CZE-ch Betsys Online Blitz"]
[Site "Chess.com INT"]
[Date "2021.04.17"]
[Round "5"]
[White "Plat, Vojtech"]
[Black "Karasek, Lukas"]
[Result "1-0"]
[WhiteElo "2553"]
[BlackElo "2280"]
[PlyCount "69"]
[EventDate "2021.04.17"]
[EventType "swiss (blitz)"]
[EventRounds "13"]
[EventCountry "CZE"]
[SourceTitle "CBM 201 Extra"]
[Source "ChessBase"]
[SourceDate "2021.05.31"]
[SourceVersion "1"]
[SourceVersionDate "2021.05.31"]
[SourceQuality "1"]

1. d4 Nf6 2. Nf3 e6 3. e3 b6 4. Bd3 Bb7 5. Nbd2 c5 6. c3 Be7 7. 0-0 Nc6 8. Re1 cxd4 9. exd4 d5 10. Nf1 0-0 11. Ng3 a6 12. a4 Qc7 13. Bb1 b5 14. Qd3 b4 15. h4 bxc3 16. bxc3 Rac8 17. Bg5 g6 18. h5 Qd7 19. hxg6 hxg6 20. Bh6 Rfe8 21. Ng5 Bf8 22. Bxf8 Rxf8 23. Qf3 Kg7 24. Bd3 Ne7 25. Bf1 Rc7 26. Rab1 Nf5 27. Nxf5+ exf5 28. Qg3 Rfc8 29. Rb3 Ne4 30. Nxe4 dxe4 31. a5 Qe7 32. c4 Qf6 33. d5 Ba8 34. Rb6 Rxc4 35. Rxf6 1-0

[Event "CZE-chT2C 1920"]
[Site "Czech Republic"]
[Date "2019.10.13"]
[Round "1.1"]
[White "Belaska, Premysl"]
[Black "Karasek, Lukas"]
[Result "1/2-1/2"]
[WhiteElo "2238"]
[BlackElo "2285"]
[PlyCount "76"]
[EventDate "2019.10.13"]
[EventType "team-tourn"]
[EventRounds "11"]
[EventCountry "CZE"]
[SourceTitle "EXT 2024"]
[Source "ChessBase"]
[SourceDate "2023.10.10"]
[SourceVersion "1"]
[SourceVersionDate "2023.10.10"]
[SourceQuality "1"]
[WhiteTeam "Liberec Desko"]
[BlackTeam "Kutna Hora"]
[WhiteTeamCountry "CZE"]
[BlackTeamCountry "CZE"]

1. e4 c5 2. Nf3 d6 3. d4 cxd4 4. Nxd4 Nf6 5. Nc3 a6 6. Bg5 Nbd7 7. Bc4 Qa5 8. Qd2 e6 9. Nb3 Qc7 10. Bd3 Be7 11. a4 b6 12. 0-0 Bb7 13. Rfe1 0-0 14. Qe2 Rfe8 15. Kh1 h6 16. Bf4 Bf8 17. Bg3 g6 18. h3 Bg7 19. Rad1 Ne5 20. f4 Nxd3 21. cxd3 Rac8 22. Rc1 Qb8 23. Qe3 Ba8 24. Nd4 Qb7 25. Bf2 Nd7 26. b4 Qb8 27. Nce2 e5 28. Nf3 Rxc1 29. Rxc1 Rc8 30. f5 d5 31. fxg6 fxg6 32. Ng3 Rxc1+ 33. Qxc1 Kh7 34. exd5 Bxd5 35. Ne4 Qb7 36. Qe3 Qc6 37. a5 bxa5 38. bxa5 Bxe4 1/2-1/2

[Event "Ceske Budejovice op"]
[Site "Ceske Budejovice"]
[Date "2019.07.04"]
[Round "6"]
[White "Plischki, Sebastian"]
[Black "Karasek, Lukas"]
[Result "1/2-1/2"]
[WhiteElo "2420"]
[BlackElo "2278"]
[PlyCount "81"]
[EventDate "2019.06.29"]
[EventType "swiss"]
[EventRounds "9"]
[EventCountry "CZE"]
[SourceTitle "CBM 191 Extra"]
[Source "ChessBase"]
[SourceDate "2019.09.30"]
[SourceVersion "1"]
[SourceVersionDate "2019.09.30"]
[SourceQuality "1"]

1. c4 Nf6 2. g3 e5 3. Bg2 d5 4. cxd5 Nxd5 5. Nc3 Ne7 6. Nf3 Nbc6 7. b4 a6 8. a4 g6 9. Ba3 Bg7 10. 0-0 0-0 11. d3 Re8 12. b5 Nd4 13. Nd2 Ra7 14. e3 Ndf5 15. Qc2 Nd6 16. Rfc1 b6 17. a5 axb5 18. Bxd6 cxd6 19. Nxb5 Rxa5 20. Rxa5 bxa5 21. Nc4 d5 22. Ncd6 Rf8 23. Bxd5 Nxd5 24. Qxc8 Qxc8 25. Nxc8 Rd8 26. Ncd6 Nb4 27. Rc7 f5 28. Ra7 Nxd3 29. Rxa5 Bf8 30. Nc4 Rc8 31. Ra4 Rb8 32. Nc3 Rb4 33. Rxb4 Bxb4 34. Nd5 Bc5 35. f3 Kf7 36. Kf1 Ke6 37. Nc7+ Kf6 38. Ke2 Nb4 39. e4 fxe4 40. fxe4 Nc6 41. Nd5+ 1/2-1/2

[Event "CZE-chT rap"]
[Site "Pardubice"]
[Date "2017.07.16"]
[Round "6.5"]
[White "Domogaev, Sergey"]
[Black "Karasek, Lukas"]
[Result "1-0"]
[WhiteElo "2395"]
[BlackElo "2282"]
[PlyCount "75"]
[EventDate "2017.07.13"]
[EventType "team-swiss"]
[EventRounds "7"]
[EventCountry "CZE"]
[SourceTitle "EXT 2018"]
[Source "ChessBase"]
[SourceDate "2017.10.13"]
[SourceVersion "1"]
[SourceVersionDate "2017.10.13"]
[SourceQuality "1"]
[WhiteTeam "Tulachess"]
[BlackTeam "Pardubice Bohemia"]
[WhiteTeamCountry "CZE"]
[BlackTeamCountry "CZE"]

1. d4 Nf6 2. c4 e6 3. Nc3 Bb4 4. e3 0-0 5. Nge2 d5 6. a3 Be7 7. cxd5 exd5 8. Nf4 a5 9. Bd3 Na6 10. 0-0 c6 11. Bd2 Nc7 12. f3 Re8 13. Nfe2 Ne6 14. Be1 c5 15. dxc5 Bxc5 16. Bf2 Bd7 17. Bb5 Bxb5 18. Nxb5 Qb6 19. Qd3 Rad8 20. Rab1 Nc7 21. Nbd4 Ne6 22. Nf5 Qa6 23. Rfd1 Qxd3 24. Rxd3 g6 25. Bh4 gxf5 26. Bxf6 Rc8 27. Kf1 Bb6 28. b4 axb4 29. Rxb4 Rc6 30. Nd4 Bxd4 31. Bxd4 f4 32. Bc3 Rec8 33. Bd2 fxe3 34. Rg4+ Kf8 35. Bb4+ Ke8 36. Rxd5 f6 37. Ke2 Rd8 38. Rg8+ 1-0

[Event "CZE-chT2D 1617"]
[Site "Czech Republic"]
[Date "2017.02.26"]
[Round "9.2"]
[White "Karasek, Lukas"]
[Black "Bulockin, Martin"]
[Result "1-0"]
[WhiteElo "2206"]
[BlackElo "1934"]
[PlyCount "87"]
[EventDate "2016.10.09"]
[EventType "team-tourn"]
[EventRounds "11"]
[EventCountry "CZE"]
[SourceTitle "EXT 2022"]
[Source "ChessBase"]
[SourceDate "2021.10.06"]
[SourceVersion "1"]
[SourceVersionDate "2021.10.06"]
[SourceQuality "1"]
[WhiteTeam "Usti nad Orlici"]
[BlackTeam "Polabiny III"]
[WhiteTeamCountry "CZE"]
[BlackTeamCountry "CZE"]

1. Nf3 c5 2. c4 Nf6 3. Nc3 d6 4. d4 cxd4 5. Nxd4 Nc6 6. e4 g6 7. Be2 Nxd4 8. Qxd4 Bg7 9. Bg5 0-0 10. Qd2 Be6 11. Rc1 Qa5 12. f3 Rfc8 13. b3 Qd8 14. 0-0 Nd7 15. Rfe1 Bf6 16. Be3 Ne5 17. Bf1 Bh4 18. Red1 Nc6 19. Be2 Bf6 20. f4 Qa5 21. Nd5 Bxd5 22. Qxa5 Nxa5 23. cxd5 Bb2 24. Rxc8+ Rxc8 25. Bxa7 Ba3 26. Bb6 Bc5+ 27. Bxc5 dxc5 28. e5 Rd8 29. Kf2 Kg7 30. Ke3 b6 31. Bf3 f5 32. Rc1 Rb8 33. Rc3 Nb7 34. Rd3 Nd8 35. Rd2 Kf7 36. Kd3 b5 37. Kc3 h6 38. h4 Rb6 39. a4 bxa4 40. bxa4 Rb4 41. Ra2 Rb7 42. a5 Ra7 43. a6 e6 44. Kc4 1-0